000 02081nam a22002057a 4500
008 251120b |||||||| |||| 00| 0 eng d
020 _a9781804543887
040 _ctbs
041 _aeng
_hdut
050 _aPT5838.H45
_bW613 1989
100 _aHaasse, Hella S.
_d1918-2011
_926553
_eauthor
240 _aHet woud der verwachting.
_lEnglish.
245 _aIn a dark wood wandering
_c/ Hella S. Haasse ; introduction by Bart Van Loo.
260 _aDublin :
_bHead of Zeus
_c2025.
300 _axii, 581 pages :
_billustrations, genealogical tables, maps ;
_c20 cm.
520 _aDuring the late Middle Ages, conflict raged between France and England as they battled in pursuit of power, the throne and beyond. It became known as the Hundred Years' War. Hella S. Haasse's epic masterpiece brings this period to vivid life, as the novel's infamous characters move across a panoramic tapestry woven together by criss-crossed bloodlines and intense rivalries. There is the mad King Charles VI and his heartless Bavarian wife Isabeau; the King's dashing brother Louis, Duke of Orléans and his sensitive Italian Duchess, Valentine. Their son, Charles, inherits a ferocious feud with the powerful and scheming Duke of Burgundy. Meanwhile, their bastard son becomes the right arm of Joan of Arc. Charles of Orléans is the central character of this astonishing novel, a man caught up in deadly dynastic rivalries who survives because he is captured by the English at the Battle of Agincourt and made their prisoner for the next 25 years. In that time he perfects his craft as a writer and becomes one of the great French poets of the era. In a narrative that spans decades, we also bear witness to the reign of three English Kings: Richard II, Henry IV, and Henry V, the brilliant leader of the English army, who changes the face of war at Agincourt. First published in the Netherlands in 1949 and never out of print, In a Dark Wood Wandering is a timeless classic.
600 0 _aCharles, d'Orléans
_d1394-1465
_926554
650 0 _aMiddle Ages
_vFiction
_926555
942 _2lcc
999 _c5192
_d5192